Statistics for U.S. States With An Oceanic Shoreline

Click here to take the quiz!

General Stats

  • This quiz has been taken 135 times
  • The average score is 21 of 23

Answer Stats

States % Correct
California
100%
Washington
99%
Maine
99%
Virginia
98%
Florida
98%
Georgia
97%
Oregon
96%
Alabama
96%
New York
95%
Maryland
94%
Louisiana
93%
New Jersey
93%
North Carolina
93%
South Carolina
93%
Texas
92%
Rhode Island
91%
Delaware
89%
Connecticut
89%
Alaska
88%
Mississippi
88%
New Hampshire
88%
Massachusetts
88%
Hawaii
87%

Score Distribution

Percentile by Number Answered

Percent of People with Each Score

Your Score History

You have not taken this quiz